Because Of You - Kelly Clarkson - All Lyrics - Statistics

General Stats
  • This quiz has been taken 168 times
  • The average score is 289 of 349
Answer Stats
Answer % Correct
I
100%
(I
100%
mmh,
100%
ooh
100%
Ooh
100%
Ooh-ooh,
100%
you
100%
you,
100%
You
100%
(You
100%
Because
98%
because
98%
of
98%
the
98%
a
96%
to
96%
ah,
94%
ah)
94%
(Ah-ah,
94%
me,
93%
me
93%
me)
93%
never
93%
not
93%
every
90%
on
90%
side
90%
don't
88%
from
88%
it
88%
so
88%
too
88%
will
88%
get
87%
that
87%
far
86%
my
86%
My
86%
afraid
84%
in
84%
am
83%
did
83%
did,
83%
hurt
83%
but
81%
for
81%
same
81%
sidewalk
81%
And
80%
around
80%
make
80%
everyone
79%
hard
79%
way
79%
learned
78%
your
78%
let
76%
only
76%
mistakes
74%
safe
74%
break
73%
heart
73%
stray
73%
cry
72%
find
72%
was
72%
know
71%
much
71%
it's
70%
I’ve
70%
trust
70%
cannot
69%
I’m
68%
life
68%
myself
68%
play
68%
when
68%
can't
67%
cause
66%
have
66%
now
66%
just
64%
night
64%
how
61%
anyone
60%
misery
60%
thing
59%
day
58%
eyes
58%
middle
58%
with
58%
else,
57%
else
57%
should
57%
sleep
57%
sleep)
57%
young,
57%
young
57%
even
56%
lean
54%
out
53%
fell
52%
saw
52%
that's
52%
wasn't
51%
heard
50%
pain
50%
damn
49%
known
49%
everything
48%
possibly
48%
start
48%
thought
48%
try
48%
better
47%
than
47%
weakness
46%
die,
44%
empty
43%
forget
43%
long
43%
before
42%
point
42%
smile,
42%
watched
42%
forced
41%
fake
40%
laugh,
40%
lose
40%
ashamed
39%
whole
38%
hardest
33%
No matching quizzes found
Score Distribution
Percent of People with Each Score
Percentile by Number Answered
Your Score History
You have not taken this quiz